| 000 | 005720000a22001810004500 | ||
|---|---|---|---|
| 003 | MACL | ||
| 005 | 20160604162700.0 | ||
| 008 | 160604b xxu||||| |||| 00| 0 eng d | ||
| 040 |
_aMACL _cMACL |
||
| 041 | _aHindi | ||
| 082 | _a920 | ||
| 100 |
_aशर्मा , आशा _950843 |
||
| 245 |
_aराष्ट्रपिता महात्मा गांधी _cआशा शर्मा |
||
| 260 |
_bएस के पब्लिशर्स _c2004 _aदिल्ली |
||
| 350 | _a150 | ||
| 650 |
_aBiography _962475 |
||
| 942 |
_cHIN _k920/SHA _2ddc |
||
| 999 |
_c9930 _d9930 |
||